[Event "Final Russian Rapid GP"]
[Site "Apatity RUS"]
[Date "2011.12.02"]
[Round "2.2"]
[White "Jakovenko,D"]
[Black "Dreev,A"]
[Result "1/2-1/2"]
[WhiteElo "2729"]
[BlackElo "2710"]

1.d4 d5 2.c4 c6 3.Nf3 Nf6 4.Nc3 e6 5.e3 Nbd7 6.Qc2 b6 7.Bd3 Bb7 8.O-O Be7
9.Rd1 Qc7 10.b3 h6 11.Bb2 Rd8 12.a4 a5 13.Rac1 O-O 14.Qe2 Bb4 15.Bb1 Rfe8
16.Ne5 dxc4 17.Nxc4 Qb8 18.Ne4 Ba8 19.Nxf6+ Nxf6 20.Ne5 c5 21.Nd3 Bd5 22.Nxb4 cxb4
23.Bc2 Be4 24.Bxe4 Nxe4 25.f3 Nf6 26.e4 Rc8 27.Rxc8 Rxc8 28.d5 exd5 29.exd5 Qd6
30.Bxf6 gxf6 31.h3 Rc3 32.Rd3 Qc5+ 33.Kh2 Qd6+ 34.Kh1 Kf8 35.Qd2 Kg7 36.Rxc3 bxc3
37.Qxc3 Qxd5 38.Kg1 h5 39.Kf2 Qd6 40.Qe3 Qc7 41.h4 Qd6 42.g3 Qc7 43.Qd3 Qe5
44.f4 Qc5+ 45.Kf3 f5 46.Ke2 Kg6 47.Kd2  1/2-1/2

[Event "Final Russian Rapid GP"]
[Site "Apatity RUS"]
[Date "2011.12.03"]
[Round "3.2"]
[White "Dreev,A"]
[Black "Kurnosov,I"]
[Result "1-0"]
[WhiteElo "2710"]
[BlackElo "2648"]

1.d4 Nf6 2.c4 g6 3.Nc3 d5 4.Nf3 Bg7 5.Bf4 O-O 6.Rc1 dxc4 7.e3 c5 8.Bxc4 cxd4
9.Nxd4 Bd7 10.Nb3 Nc6 11.Nc5 Bc8 12.Qxd8 Rxd8 13.Bc7 Rf8 14.O-O Nd7 15.Nb3 Nde5
16.Bb5 Be6 17.Nc5 Rac8 18.Bxe5 Nxe5 19.Nxe6 fxe6 20.Ne4 Rfd8 21.h3 h6 22.Rfd1 Rxd1+
23.Rxd1 Kf8 24.b4 a6 25.Bf1 Rc2 26.a3 Ra2 27.Nc5 Rxa3 28.Nxe6+ Kf7 29.Nd8+ Kf6
30.Nxb7 Nc6 31.b5 axb5 32.Bxb5 Ne5 33.Nc5 g5 34.Be8 Ra5 35.Ne4+ Ke6 36.Bh5 Bf6
37.g3 Kf5 38.Nd2 Ke6 39.Nb3 Rd5 40.Nd4+ Kd7 41.Rb1 Rc5 42.Nf5 e6 43.Nxh6 Rc2
44.Rd1+ Kc7 45.Ng4 Nxg4 46.Bxg4 Rc6 47.Rd3 Rd6 48.Ra3 Rb6 49.Kg2 Kd6 50.Ra7 Bc3
51.Ra3 Bb4 52.Ra2 Bc5 53.Rc2 Rb5 54.Kf3 Ra5 55.Rb2 Ra7 56.Rb8 Ke7 57.Rg8 Kf6
58.Bh5 Be7 59.Rg6+ Kf5 60.Rg7 Bc5 61.Rg8 Be7 62.Bg4+ Kf6 63.Rh8 Kg7 64.Rc8 Ra6
65.Bh5 Kf6 66.Rg8 Ke5 67.Rg6 Ra2 68.Bg4 Bf6 69.Kg2 Rb2 70.Rh6 Ra2 71.h4 gxh4
72.gxh4 Rb2 73.Kg3 Bd8 74.Rxe6+ Kd5 75.h5 Bc7+ 76.Kg2 Rb4 77.Rg6 Be5 78.h6  1-0

[Event "Final Russian Rapid GP"]
[Site "Apatity RUS"]
[Date "2011.12.03"]
[Round "3.1"]
[White "Kurnosov,I"]
[Black "Dreev,A"]
[Result "1/2-1/2"]
[WhiteElo "2648"]
[BlackElo "2710"]

1.c4 c6 2.d4 d5 3.Nc3 Nf6 4.e3 e6 5.Nf3 Nbd7 6.Bd3 dxc4 7.Bxc4 b5 8.Bd3 Bb7
9.a3 Bd6 10.O-O O-O 11.Qc2 a5 12.e4 e5 13.Bg5 Re8 14.Rad1 Qc7 15.Bxf6 Nxf6
16.dxe5 Bxe5 17.Nxe5 Qxe5 18.f4 Qh5 19.h3 b4 20.Na4 c5 21.e5 Nd5 22.Qf2 bxa3
23.bxa3 Rad8 24.Nxc5 Nc3 25.Bxh7+ Kxh7 26.Rxd8 Ne2+ 27.Kh2 Bxg2 28.Qxg2 Rxd8
29.Qg4 Qxg4 30.hxg4 Rd4 31.e6 fxe6 32.Nxe6 Rd3 33.Re1 Rd2 34.Kh3 Kg6 35.f5+ Kf6
36.g5+ Kxf5 37.Rxe2 Rd6 38.Nxg7+ Kxg5 39.Re3 Kf4 40.Rg3 Ke4 41.Rg4+ Kd3 42.Nf5 Rd5
43.Rg3+ Ke4 44.Ne3 Rc5 45.Nd1 Kd4 46.Nb2 Rc3 47.Na4 Rxg3+ 48.Kxg3 Kc4 49.Nb6+ Kb5
50.Kf3  1/2-1/2

[Event "Final Russian Rapid GP"]
[Site "Apatity RUS"]
[Date "2011.12.03"]
[Round "4.1"]
[White "Dreev,A"]
[Black "Grischuk,A"]
[Result "0-1"]
[WhiteElo "2710"]
[BlackElo "2752"]

1.d4 d5 2.c4 e6 3.Nc3 Be7 4.cxd5 exd5 5.Bf4 c6 6.Qc2 Nf6 7.e3 Nh5 8.Be5 Nd7
9.Be2 Nxe5 10.dxe5 g6 11.Bxh5 gxh5 12.Nf3 f6 13.e4 d4 14.exf6 Bxf6 15.O-O-O Bg4
16.e5 Bxf3 17.gxf3 Bxe5 18.Qf5 Qf6 19.Qxh5+ Kd7 20.Ne4 Qf4+ 21.Kb1 b6 22.Rhg1 Rag8
23.Rg3 Kc7 24.Rdg1 Rg6 25.Rg4 Qxh2 26.Qf5 Rd8 27.Ng5 Rd5 28.f4 Bf6 29.Ne6+ Kd6
30.Qe4 Qxg1+ 31.Rxg1 Rxg1+ 32.Kc2 d3+ 33.Kd2 Rb1 34.Nf8 Rxb2+ 35.Kd1 Bc3  0-1

[Event "Final Russian Rapid GP"]
[Site "Apatity RUS"]
[Date "2011.12.03"]
[Round "4.2"]
[White "Grischuk,A"]
[Black "Dreev,A"]
[Result "1/2-1/2"]
[WhiteElo "2752"]
[BlackElo "2710"]

1.e4 c5 2.Nf3 Nc6 3.d4 cxd4 4.Nxd4 Nf6 5.Nc3 d6 6.Bg5 Bd7 7.Qd2 Rc8 8.f4 Nxd4
9.Qxd4 Qa5 10.e5 dxe5 11.fxe5 e6 12.O-O-O Bc6 13.Nb5 Bxb5 14.exf6 Bc6 15.h4 g6
16.Bc4 Bc5 17.Qe5 Bb6 18.Qd6 Bc5 19.Qe5 Bb4 20.Qe3 Qc5 21.Qe2 O-O 22.a3 Bxa3
23.bxa3 Qxa3+ 24.Kb1 Qb4+ 25.Bb3 Be4 26.Rd3 Bxd3 27.Qxd3 Rc3 28.Qd1 Qe4 29.Kb2 Qe5
30.Kb1 a5 31.Re1 Qf5 32.g4 Qb5 33.Bc1 a4 34.Qd2 axb3 35.Qxc3 bxc2+ 36.Kxc2 Qa4+
37.Kb1 Qxg4 38.Bb2 Qxh4 39.Qd2 h6 40.Rc1 g5 41.Qd3 Ra8 42.Rc7 Qh1+ 43.Rc1 Qd5
44.Qxd5 exd5 45.Rc7 b5 46.Rd7 Rc8 47.Be5 h5 48.Rxd5 Kh7 49.Bd4 Kh6 50.Be3 Rg8
51.Kc2 b4 52.Kd3 h4 53.Ke4 Kh5 54.Kf3 Rg6 55.Kg2 b3 56.Rb5 b2 57.Bd4 Rg8
58.Rxb2 Re8 59.Rb7 Kg6 60.Re7 Rd8 61.Be3 Rd5 62.Re8 Kxf6 63.Kh3 Kf5 64.Bxg5 Kxg5
65.Rg8+ Kf4 66.Kxh4 f5 67.Kh3 Rd2 68.Rf8 Rf2 69.Ra8 Re2 70.Rf8 Ra2 71.Rf7 Re2
72.Rf8 Rf2 73.Ra8 Rb2 74.Rf8 Ke4 75.Kg3 Rb3+ 76.Kf2 Rb2+ 77.Kg3 Rb3+ 78.Kf2 Kf4
79.Kg2 Rb2+ 80.Kh3 Ke4 81.Kg3 Rb3+ 82.Kf2 Rf3+ 83.Kg2 Rd3 84.Kf2 Kf4 85.Kg2 Rg3+
86.Kf2 Ra3 87.Kg2 Ra5 88.Rb8 Ra2+ 89.Kf1  1/2-1/2

[Event "European Blitz 2011"]
[Site "Warsaw POL"]
[Date "2011.12.16"]
[Round "1"]
[White "Zbrzezny,A"]
[Black "Dreev,A"]
[Result "0-1"]
[WhiteElo "2016"]
[BlackElo "2710"]

1.d4 d5 2.c4 c6 3.Nc3 Nf6 4.Nf3 e6 5.Qc2 dxc4 6.a4 c5 7.e3 cxd4 8.Nxd4 Bc5
9.Nf3 Nc6 10.Bxc4 O-O 11.O-O Qc7 12.Ne4 Be7 13.Bd3 h6 14.Bd2 Bd7 15.b4 Rac8
16.b5 Nb4 17.Nxf6+ gxf6 18.Qxc7 Rxc7 19.Bxb4 Bxb4 20.Rfc1 Rfc8 21.Rxc7 Rxc7
22.Kf1 Kg7 23.Ke2 f5 24.Ne5 Be8 25.Ra2 Kf6 26.Nc4 e5 27.f3 e4  0-1

[Event "European Blitz 2011"]
[Site "Warsaw POL"]
[Date "2011.12.16"]
[Round "1"]
[White "Dreev,A"]
[Black "Zbrzezny,A"]
[Result "1-0"]
[WhiteElo "2710"]
[BlackElo "2016"]

1.d4 d5 2.c4 c6 3.Nf3 Nf6 4.e3 e6 5.Bd3 Bd6 6.Nbd2 Nbd7 7.e4 dxe4 8.Nxe4 Nxe4
9.Bxe4 O-O 10.O-O e5 11.dxe5 Nxe5 12.Nxe5 Bxe5 13.Bxh7+ Kxh7 14.Qh5+ Kg8
15.Qxe5 Re8 16.Qc3 Bf5 17.Be3  1-0

[Event "European Blitz Playoff 2011"]
[Site "Warsaw POL"]
[Date "2011.12.16"]
[Round "2"]
[White "Melkumyan,H"]
[Black "Dreev,A"]
[Result "1-0"]
[WhiteElo "2615"]
[BlackElo "2710"]

1.d4 d5 2.c4 c6 3.Nc3 Nf6 4.Nf3 e6 5.Bg5 Nbd7 6.e3 Qa5 7.Nd2 Bb4 8.Qc2 O-O
9.Be2 c5 10.O-O cxd4 11.exd4 dxc4 12.Bxf6 Nxf6 13.Nxc4 Qd8 14.Rfd1 Bd7 15.Bf3 Qc7
16.Ne5 Bd6 17.Qe2 Rad8 18.Rac1 Qb8 19.g3 Rc8 20.Nb5 Bxb5 21.Qxb5 Rxc1 22.Rxc1 b6
23.Nc6 Qc7 24.Qa6 e5 25.dxe5 Bxe5 26.b3 Bd4 27.Kg2 Bc5 28.a3 Nd7 29.b4 Bd4
30.Ne7+  1-0

[Event "European Blitz 2011"]
[Site "Warsaw POL"]
[Date "2011.12.16"]
[Round "2"]
[White "Gumula,D"]
[Black "Dreev,A"]
[Result "0-1"]
[WhiteElo "2273"]
[BlackElo "2710"]

1.e4 c5 2.Nf3 Nc6 3.Bb5 d6 4.O-O Bd7 5.c3 Nf6 6.Re1 a6 7.Bf1 Bg4 8.h3 Bxf3
9.Qxf3 g6 10.a4 Bg7 11.Bc4 Ne5 12.Qe2 Nxc4 13.Qxc4 O-O 14.d3 Nd7 15.Qb3 Ne5
16.Qc2 Qc7 17.Na3 b6 18.f4 Nc6 19.Nc4 e6 20.Ne3 Rad8 21.f5 d5 22.Ng4 exf5
23.exf5 h5 24.f6 hxg4 25.fxg7 Kxg7 26.Qf2 gxh3 27.gxh3 Qd7 28.h4 Qg4+ 29.Kh2 Rh8
30.Qg3 Rxh4+ 31.Kg2 Qh5  0-1

[Event "European Blitz 2011"]
[Site "Warsaw POL"]
[Date "2011.12.16"]
[Round "8"]
[White "Sjugirov,S"]
[Black "Dreev,A"]
[Result "0-1"]
[WhiteElo "2622"]
[BlackElo "2710"]

1.e4 c5 2.Nf3 Nc6 3.Bb5 d6 4.d4 cxd4 5.Qxd4 Bg4 6.Qd3 Nf6 7.Nc3 Nd7 8.Nd4 Rc8
9.h3 Nde5 10.Qg3 Bd7 11.Nxc6 Bxc6 12.Bxc6+ Nxc6 13.O-O g6 14.Qd3 Bg7 15.Nd5 O-O
16.c3 e6 17.Nf4 Qh4 18.Qe2 Ne5 19.Nd3 Nc6 20.Bf4 Rfd8 21.Qe3 h6 22.Rad1 Kh7
23.Bg3 Qe7 24.Rfe1 d5 25.exd5 Rxd5 26.Nf4 Rxd1 27.Rxd1 Rd8 28.Rxd8 Qxd8 29.Qd3 Qb6
30.Qd2 Qa5 31.a3 Qb5 32.Nd3 a5 33.f3 Qd5 34.Qe2 Qb5 35.Qd2 a4 36.Bf2 Na5
37.Nb4 Bf6 38.Qf4 Qe5 39.Qxe5 Bxe5 40.Nd3 Nc4 41.Kf1 Bd6 42.Ke2 e5 43.Kd1 f5
44.Kc2 Kg7 45.Nc1 Kf6 46.Ne2 Ke6 47.Be1 Ne3+ 48.Kd3 Nxg2 49.Bf2 g5 50.c4 h5
51.Kd2 Bc7 52.Kc2 Ba5 53.Kd1 h4 54.Bg1 Kd6 55.Bf2 Kc6 56.Bg1 Bb6 57.Bxb6 Kxb6
58.Kd2 Kc5 59.Nc3 Nf4 60.Nxa4+ Kxc4 61.Nb6+ Kd4 62.b4 g4 63.fxg4 fxg4 64.Ke1  0-1

[Event "European Blitz 2011"]
[Site "Warsaw POL"]
[Date "2011.12.16"]
[Round "9"]
[White "Wojtaszek,R"]
[Black "Dreev,A"]
[Result "1/2-1/2"]
[WhiteElo "2705"]
[BlackElo "2710"]

1.Nf3 d5 2.c4 c6 3.e3 Nf6 4.Nc3 e6 5.Qc2 Nbd7 6.b3 Bd6 7.Be2 O-O 8.Bb2 b6
9.Rg1 Ne5 10.g4 Nfxg4 11.O-O-O Nxf3 12.Bxf3 Ne5 13.Be2 Ng6 14.f4 Qh4 15.Rg2 Bd7
16.Rdg1 b5 17.Rg4 Qh6 18.h4 f5 19.Rg5 Qxh4 20.Qd1 d4 21.Rh1 Qf2 22.Rf1 Qh4
23.Rh1 Qf2 24.Rf1 Qh4 25.Rh1 Qf2  1/2-1/2

[Event "European Blitz 2011"]
[Site "Warsaw POL"]
[Date "2011.12.16"]
[Round "10"]
[White "Dreev,A"]
[Black "Movsesian,S"]
[Result "1-0"]
[WhiteElo "2710"]
[BlackElo "2710"]

1.d4 Nf6 2.c4 d6 3.Nc3 Nbd7 4.e4 e5 5.Nf3 c6 6.Be2 g6 7.O-O Bg7 8.d5 c5 9.Ne1 O-O
10.Nd3 Ne8 11.f4 exf4 12.Bxf4 Qe7 13.Qd2 Ne5 14.b3 f5 15.exf5 Bxf5 16.Rae1 Bxd3
17.Bxd3 Nc7 18.Bc2 Rf7 19.Bg5 Rxf1+ 20.Rxf1 Qd7 21.Ne4 Rf8 22.Rxf8+ Kxf8
23.Qf4+ Kg8 24.Nf6+ Bxf6 25.Bxf6 Nf7 26.Qe3 Ne8 27.Bb2 Ng7 28.h3 b6 29.Bc3 Qe8
30.Qxe8+ Nxe8 31.Kf2 Ne5 32.g4 Kf7 33.Ke3 Nd7 34.Kf4 h6 35.h4 a5 36.a3 Ng7
37.Bd3 Ne8 38.Bf1 Ke7 39.Bh3 Nf8 40.b4 axb4 41.axb4 cxb4 42.Bxb4 Nd7 43.g5 h5
44.Bc3 Nc5 45.Ke3 Nc7 46.Bf1 Kf7 47.Be2 Ne8 48.Bd1 Nc7 49.Bc2 N7a6 50.Bf6 Nd7
51.Bd8 Nac5 52.Kd4 Nb7 53.Bc7 Kg7 54.Kc3 Kf7 55.Kb4 Nbc5 56.Kb5 Ne5 57.Bxd6 Nf3
58.Bxc5 bxc5 59.Kxc5  1-0

[Event "European Blitz 2011"]
[Site "Warsaw POL"]
[Date "2011.12.16"]
[Round "11"]
[White "Socko,B"]
[Black "Dreev,A"]
[Result "1-0"]
[WhiteElo "2635"]
[BlackElo "2710"]

1.e4 c6 2.d4 d5 3.e5 Bf5 4.Nf3 e6 5.Be2 Nd7 6.O-O Bg6 7.b3 Ne7 8.Nh4 Nf5
9.Nxg6 hxg6 10.g3 c5 11.c3 Qb6 12.Bb2 Be7 13.a4 a6 14.Na3 Rc8 15.Kg2 g5 16.h3 g6
17.Re1 Kf8 18.Nb1 Kg7 19.a5 Qa7 20.Na3 cxd4 21.cxd4 Bb4 22.Rh1 Bxa5 23.Nc2 Bc3
24.Bxc3 Rxc3 25.Qd2 Rhc8 26.Ra2 Qb6 27.b4 f6 28.h4 gxh4 29.g4 h3+ 30.Rxh3 Rxh3
31.Kxh3 Rh8+ 32.Kg2 Nh4+ 33.Kg3 fxe5 34.Qg5 Kf7 35.dxe5 Qc7 36.Nd4 Nxe5 37.Qf4+ Ke7
38.Rc2 Qd6 39.Qg5+ Kf7 40.Qf4+ Nf5+ 41.Nxf5  1-0

[Event "European Blitz 2011"]
[Site "Warsaw POL"]
[Date "2011.12.16"]
[Round "13"]
[White "Korobov,A"]
[Black "Dreev,A"]
[Result "0-1"]
[WhiteElo "2660"]
[BlackElo "2710"]

1.d4 d5 2.c4 c6 3.Nc3 Nf6 4.Nf3 e6 5.Bg5 Nbd7 6.e3 Qa5 7.cxd5 Nxd5 8.Qd2 Bb4
9.Rc1 h6 10.Bh4 c5 11.Bd3 cxd4 12.exd4 b6 13.O-O Bb7 14.a3 Bxc3 15.bxc3 O-O
16.Rfe1 Rac8 17.c4 Qxd2 18.Nxd2 Nf4 19.Bf1 g5 20.Bg3 Rfd8 21.Nb3 Bc6 22.f3 Ba4
23.Rb1 Nb8 24.Bf2 Nc6 25.g3 Ng6 26.Re4 Nge7 27.g4 Ng6 28.Nd2 Bc2 29.Rbe1 Bxe4
30.Rxe4 Nf4 31.Nb3 Rc7 32.h4 Rcd7 33.Kh2 Kg7 34.Kg3 f5 35.Re1 Ne7 36.c5 Ned5
37.Re5 Rf7 38.Bc4 gxh4+ 39.Kh2 fxg4 40.Bxh4 Nf6 41.Bxe6 Nxe6 42.Rxe6 bxc5
43.Nxc5 Rxd4 44.Re2 gxf3 45.Ne6+ Kh7  0-1

[Event "13th EICC"]
[Site "Plovdiv BUL"]
[Date "2012.03.24"]
[Round "5.19"]
[White "Dreev,A"]
[Black "Lupulescu,C"]
[Result "1/2-1/2"]
[WhiteElo "2698"]
[BlackElo "2616"]

1.d4 Nf6 2.c4 e6 3.Nc3 Bb4 4.Qc2 O-O 5.a3 Bxc3+ 6.Qxc3 d5 7.Nf3 dxc4 8.Qxc4 b6
9.Bg5 Ba6 10.Qa4 h6 11.Bh4 c5 12.dxc5 bxc5 13.Rc1 Qe7 14.g4 Qd7 15.Qc2 Nc6
16.Bxf6 gxf6 17.e3 Bxf1 18.Kxf1 Qb7 19.Qe4 Qxb2 20.Rxc5 Ne7 21.Kg2 Rac8 22.Rh5 Kg7
23.Rb1 Qc2 24.Qxc2 Rxc2 25.Nd4 Rc7 26.Ra5 Rd7 27.Rc5 Rc8 28.Rxc8 Nxc8 29.a4 Nb6
30.Rb4 Nd5 31.Rb5 a6 32.Rb8 Nc3 33.a5 Rd5 34.Rb7 Kg6 35.f4 Rxa5 36.h4 h5
37.f5+ exf5 38.gxf5+ Kg7 39.Kf3 Kf8 40.Rb8+ Kg7 41.Rb7 Re5 42.Rb3 Nb5 43.Kf4 Rc5
44.Rb4 Kf8 45.Ra4 Nc7 46.Ne2 a5 47.e4 Na8 48.Ra2 Nb6  1/2-1/2

[Event "13th EICC"]
[Site "Plovdiv BUL"]
[Date "2012.03.25"]
[Round "6.20"]
[White "Volkov,Sergey1"]
[Black "Dreev,A"]
[Result "1/2-1/2"]
[WhiteElo "2623"]
[BlackElo "2698"]

1.d4 d5 2.c4 c6 3.Nc3 Nf6 4.cxd5 cxd5 5.Bf4 Nc6 6.e3 a6 7.Bd3 Bg4 8.Nge2 e6
9.Qb3 Na5 10.Qa4+ Nc6 11.Qb3 Na5 12.Qa4+ Nc6 13.Qb3  1/2-1/2

[Event "TCh-FRA Top 12 2012"]
[Site "Belfort FRA"]
[Date "2012.05.31"]
[Round "1.2"]
[White "Dreev,A"]
[Black "Salgado Lopez,I"]
[Result "1/2-1/2"]
[WhiteElo "2694"]
[BlackElo "2623"]

1.d4 Nf6 2.c4 g6 3.Nc3 d5 4.Bg5 Ne4 5.Bh4 Nxc3 6.bxc3 dxc4 7.e3 Be6 8.Nf3 Bg7
9.Rb1 c5 10.Rxb7 Nd7 11.Be2 Bd5 12.Rb1 cxd4 13.exd4 O-O 14.O-O Re8 15.Qa4 Nb6
16.Qa5 Qd7 17.Rb5 e6 18.Bg3 Rec8 19.Re1 Qc6 20.Bd1 f6 21.h4 Bf8 22.Rb2 Rd8
23.Bf4 Rd7 24.Qa6 Re8 25.Nh2 e5 26.Ng4 Rf7 27.dxe5 fxe5 28.Bg3 Bxg2 29.Kh2 Bg7
30.Qb5 Qxb5 31.Rxb5 Bf3 32.Bxf3 Rxf3 33.Ra5 Re7 34.Nxe5 Rxc3 35.Rd1 Bxe5
36.Rd8+ Kf7 37.Bxe5 Rd3 38.Rh8 Ke6 39.Bg3 Rd5 40.Ra3 Rd3 41.Ra5 Rd5 42.Ra3 Rdd7
43.Ra5 Kf6 44.Rc5 Rd5 45.Rc6+ Kg7 46.Rb8 Ra5 47.a3 Rf7 48.Rd8 Rxa3 49.h5 Ra5
50.hxg6 hxg6 51.Rdd6 Rh5+ 52.Kg2 Rg5 53.Kh3 Kh7 54.Re6 Rh5+ 55.Kg4  1/2-1/2

[Event "TCh-FRA Top 12 2012"]
[Site "Belfort FRA"]
[Date "2012.06.03"]
[Round "4.2"]
[White "Dreev,A"]
[Black "Fedorchuk,S"]
[Result "1/2-1/2"]
[WhiteElo "2694"]
[BlackElo "2634"]

1.d4 Nf6 2.c4 e6 3.Nc3 Bb4 4.Qc2 c5 5.dxc5 O-O 6.a3 Bxc5 7.Nf3 b6 8.Bf4 Bb7
9.Rd1 Nh5 10.Ng5 g6 11.Bc1 Be7 12.Nf3 a6 13.e3 Qc7 14.Be2 Nf6 15.O-O d5 16.cxd5 Nxd5
17.Bd2 Nd7 18.Rc1 Nxc3 19.Bxc3 Rac8 20.Qb1 Qb8 21.b4 Bf6 22.Bxf6 Nxf6 23.Qb2 Ng4
24.h3 Bxf3 25.hxg4 Bxe2 26.Qxe2 b5 27.Qb2 Rxc1 28.Rxc1 Rc8 29.Rc3  1/2-1/2

[Event "TCh-FRA Top 12 2012"]
[Site "Belfort FRA"]
[Date "2012.06.04"]
[Round "5.1"]
[White "Dreev,A"]
[Black "Gharamian,T"]
[Result "1/2-1/2"]
[WhiteElo "2694"]
[BlackElo "2672"]

1.d4 d6 2.e4 Nf6 3.Nd2 e5 4.c3 Nbd7 5.Ngf3 Be7 6.Bd3 O-O 7.O-O Re8 8.a4 Bf8
9.Re1 c6 10.b4 Qc7 11.dxe5 Nxe5 12.Nxe5 dxe5 13.Nc4 Be6 14.Qc2 Nd7 15.Be3 b5
16.Nd2 a5 17.axb5 cxb5 18.bxa5 Rxa5  1/2-1/2

[Event "TCh-FRA Top 12 2012"]
[Site "Belfort FRA"]
[Date "2012.06.05"]
[Round "6.1"]
[White "Ragger,M"]
[Black "Dreev,A"]
[Result "1/2-1/2"]
[WhiteElo "2670"]
[BlackElo "2694"]

1.d4 d5 2.c4 c6 3.Nf3 Nf6 4.Nc3 e6 5.Bg5 Nbd7 6.e3 Qa5 7.cxd5 Nxd5 8.Qd2 Bb4
9.Rc1 h6 10.Bh4 b6 11.a3 Bxc3 12.bxc3 c5 13.c4 Qxd2+ 14.Nxd2 Ne7 15.f3 Bb7
16.Be2 f5 17.Bf2 Kf7 18.O-O Rac8 19.a4 Ba6 20.Rfe1 Rhd8 21.Nb3 cxd4 22.exd4 Nc6
23.d5 exd5 24.cxd5 Nb4 25.Bxa6 Rxc1 26.Rxc1 Nxa6 27.a5 Ndc5 28.Nxc5 bxc5  1/2-1/2

[Event "TCh-FRA Top 12 2012"]
[Site "Belfort FRA"]
[Date "2012.06.07"]
[Round "8.1"]
[White "Delchev,A"]
[Black "Dreev,A"]
[Result "1/2-1/2"]
[WhiteElo "2622"]
[BlackElo "2694"]

1.d4 d5 2.c4 c6 3.Nc3 Nf6 4.e3 e6 5.Nf3 Nbd7 6.Qc2 b6 7.cxd5 exd5 8.Bd3 Be7
9.O-O Bb7 10.e4 dxe4 11.Nxe4 O-O 12.Ne5 c5 13.Ng5 g6 14.Bc4 Nxe5 15.dxe5 Nd5
16.Nf3 Qd7 17.Qb3 Kg7 18.Re1 Nc7 19.Qe3 Qg4 20.Be2 Ne6 21.h3 Qf5 22.Bd3 Qh5
23.Be4  1/2-1/2

[Event "TCh-FRA Top 12 2012"]
[Site "Belfort FRA"]
[Date "2012.06.08"]
[Round "9.1"]
[White "Dreev,A"]
[Black "Le Roux,JP"]
[Result "0-1"]
[WhiteElo "2694"]
[BlackElo "2551"]

1.d4 Nf6 2.c4 g6 3.Nc3 d5 4.Bg5 Ne4 5.Bh4 Nxc3 6.bxc3 dxc4 7.e3 Be6 8.Rb1 b6
9.Nf3 c6 10.Be2 f6 11.Bg3 b5 12.h4 Bf5 13.Ra1 Nd7 14.h5 Qa5 15.Qd2 g5 16.O-O Nb6
17.Nh2 Nd5 18.Rfc1 e6 19.a4 b4 20.Bxc4 Nxc3 21.f3 Rd8 22.Bf2 g4 23.e4 g3
24.exf5 gxf2+ 25.Qxf2 Rxd4 26.Qe1 Qc5 27.Qxe6+ Be7 28.Qf7+ Kd8 29.Bf1 Rf8
30.Qxh7 Bd6 31.Kh1 Rh4 32.f4 Ne4 33.g3 Qf2  0-1

[Event "TCh-FRA Top 12 2012"]
[Site "Belfort FRA"]
[Date "2012.06.09"]
[Round "10.1"]
[White "Nanu,C"]
[Black "Dreev,A"]
[Result "1/2-1/2"]
[WhiteElo "2520"]
[BlackElo "2694"]

1.Nf3 d5 2.d4 Nf6 3.c4 c6 4.e3 Bf5 5.Nc3 e6 6.Nh4 Be4 7.f3 Bg6 8.Qb3 Qc7
9.Bd2 Be7 10.g3 Bh5 11.Be2 g5 12.Ng2 h6 13.Rc1 Qb6 14.g4 Bg6 15.h4 Rg8 16.Qxb6 axb6
17.Kf2 Nbd7 18.a3 Kf8 19.cxd5 exd5 20.h5 Bh7 21.Ne1 b5 22.Bd3 Nb6 23.Bxh7 Nxh7
24.Ne2 Nc4 25.Rc2 Bd6 26.Nd3 Nf6 27.Ng3 Bxg3+ 28.Kxg3 Kg7 29.Re1 Rge8 30.Kf2 Nxd2
31.Rxd2 Nd7 32.Rde2 Rad8 33.Rc2 Rf8 34.Nc5 Nxc5 35.Rxc5 Rd7 36.e4 Rfd8 37.exd5 Rxd5
38.Rxd5 Rxd5 39.Re4 Kf8 40.Ke3 f6 41.f4 gxf4+ 42.Rxf4 Ke7 43.Re4+ Kf7 44.Rf4 Rg5
45.Kd3 Rg8 46.Kc3 Rd8 47.Kb4 b6 48.Kc3 Ke6 49.Re4+ Kf7 50.Rf4 Ke6 51.Re4+ Kf7
52.Kd3 Rg8 53.Ke3 Rg5 54.Rf4 Ke6 55.Re4+ Kf7 56.Rf4 Ke6 57.Re4+ Kf7 58.Rf4  1/2-1/2

[Event "Politiken Cup 2012"]
[Site "Helsingor DEN"]
[Date "2012.07.28"]
[Round "1.3"]
[White "Dreev,A"]
[Black "Bjorneboe,K"]
[Result "1-0"]
[WhiteElo "2677"]
[BlackElo "1959"]

1.d4 Nf6 2.c4 e6 3.Nc3 d5 4.cxd5 exd5 5.Bg5 Be7 6.e3 c6 7.Qc2 Nbd7 8.Bd3 O-O
9.Nf3 Re8 10.h3 Nf8 11.Bf4 Ng6 12.Bh2 Bd6 13.Bxd6 Qxd6 14.O-O-O b5 15.Kb1 a5
16.Rc1 Ba6 17.Rhd1 Rec8 18.e4 b4 19.e5 Bxd3 20.Rxd3 Qd8 21.exf6 bxc3 22.Rxc3 gxf6
23.Rxc6 Rxc6 24.Qxc6 Nf4 25.Nh4 Ne2 26.Rc5 Nxd4 27.Qxd5 a4 28.Qxd8+ Rxd8
29.Rc4 a3 30.bxa3 Nb5 31.Kb2 Rd2+ 32.Rc2 Rd3 33.Nf5 h5 34.a4 Na7 35.Rc7 Rd2+
36.Kb3 Rxf2 37.Nh4 Rf4 38.Nf3  1-0

[Event "Politiken Cup 2012"]
[Site "Helsingor DEN"]
[Date "2012.07.29"]
[Round "2.3"]
[White "Lilja,R"]
[Black "Dreev,A"]
[Result "0-1"]
[WhiteElo "2136"]
[BlackElo "2677"]

1.e4 c5 2.Nc3 Nc6 3.Bb5 Nd4 4.Bc4 e6 5.Nf3 Nf6 6.O-O a6 7.d3 b5 8.Bb3 Nxb3
9.axb3 Bb7 10.Bg5 h6 11.Bh4 d6 12.Re1 g5 13.Bg3 Nh5 14.Qe2 Bg7 15.e5 Nxg3
16.hxg3 Rc8 17.exd6 Qxd6 18.Ne4 Qc7 19.c4 O-O 20.Rac1 b4 21.Rc2 Qc6 22.Rd1 f5
23.Ned2 Bf6 24.Nf1 g4 25.Ne1 h5 26.Ne3 Rcd8 27.Rcd2 Rf7 28.Rb1 Rfd7 29.N3c2 a5
30.Qe3 Kf7 31.Rbd1 Kg6 32.Re2 e5 33.f3 e4 34.fxe4 fxe4 35.Rf2 Bg5 36.Qe2 Qc7
37.Ra1 Qxg3 38.dxe4 Rd2 39.Qf1 Rxf2 40.Qxf2 Qxf2+ 41.Kxf2 Bxe4  0-1

[Event "Politiken Cup 2012"]
[Site "Helsingor DEN"]
[Date "2012.07.29"]
[Round "3.3"]
[White "Dreev,A"]
[Black "Rudolf,An"]
[Result "1-0"]
[WhiteElo "2677"]
[BlackElo "2325"]

1.d4 e6 2.c4 d5 3.Nc3 Be7 4.cxd5 exd5 5.Bf4 c6 6.Qc2 Bd6 7.Bxd6 Qxd6 8.e3 Qg6
9.Qb3 Nd7 10.Nf3 Ne7 11.Qa3 Nb6 12.b3 Qf6 13.e4 Bg4 14.Ne5 Bh5 15.Bd3 Nd7
16.Nxd7 Qxd4 17.Qc5 Qxd3 18.Ne5 Qa6 19.g4 Bg6 20.exd5 cxd5 21.f4 Rc8 22.Qb5+ Qxb5
23.Nxb5 O-O 24.f5 f6 25.Nd3 Be8 26.Nd6 Rc7 27.Kd2 Bc6 28.Rhe1 d4 29.Nc5 Bd5
30.Rac1 Nc6 31.Ncxb7 Rd7 32.Rc5 Nb4 33.Rb5 Bxb7 34.Rxb7 Rxd6 35.Rxb4 Rc8
36.Rc4 Rxc4 37.bxc4 Ra6 38.Kd3 Rxa2 39.c5 Ra3+ 40.Kxd4 Ra4+ 41.Kd5 Ra2 42.c6 Rd2+
43.Ke6 Rc2 44.Kd7 Rd2+ 45.Kc8 a5 46.Rc1 a4 47.c7 a3 48.Kb8  1-0

[Event "Politiken Cup 2012"]
[Site "Helsingor DEN"]
[Date "2012.07.30"]
[Round "4.3"]
[White "Aagaard,J"]
[Black "Dreev,A"]
[Result "1/2-1/2"]
[WhiteElo "2506"]
[BlackElo "2677"]

1.d4 d5 2.c4 c6 3.Nf3 Nf6 4.Nc3 e6 5.Bg5 h6 6.Bh4 dxc4 7.e4 g5 8.Bg3 b5 9.Be2 Bg7
10.a4 g4 11.Ng1 b4 12.e5 bxc3 13.exf6 c2 14.Qxc2 Bxf6 15.Bxc4 Qxd4 16.Ne2 Qc5
17.O-O Ba6 18.Rac1 Qxc4 19.Qxc4 Bxc4 20.Rxc4 Nd7 21.b3 h5 22.Rxc6 Nb6 23.Nc3 Bxc3
24.Rxc3 Nd5 25.Rc6 h4 26.Be5 Rh5 27.Bd6 a5 28.Rfc1 Kd7 29.Kf1 Rhh8 30.Ba3 Rhb8
31.Rd6+ Ke8 32.Re1 Rd8 33.Rc6 Rdb8 34.Rd6 Rd8 35.Rc6 Rab8 36.Rc5 Rxb3 37.Bc1 Nb4
38.Bg5 Rd5 39.Rec1 Rxc5 40.Rxc5 h3 41.gxh3 gxh3 42.Rxa5 Nc6 43.Ra8+ Kd7 44.Be3 Ra3
45.Rh8 Rxa4  1/2-1/2

[Event "Politiken Cup 2012"]
[Site "Helsingor DEN"]
[Date "2012.07.31"]
[Round "5.4"]
[White "Dreev,A"]
[Black "Brynell,S"]
[Result "1-0"]
[WhiteElo "2677"]
[BlackElo "2498"]

1.d4 e6 2.c4 Nf6 3.Nc3 Bb4 4.Qc2 Nc6 5.Nf3 d6 6.Bd2 O-O 7.a3 Bxc3 8.Bxc3 Qe7
9.e3 e5 10.d5 Nb8 11.Nd2 c6 12.dxc6 Nxc6 13.Bd3 h6 14.b4 d5 15.O-O Rd8 16.Rfe1 Be6
17.c5 a6 18.Nf1 Qc7 19.Ng3 d4 20.Bb2 dxe3 21.fxe3 Rd7 22.Bc4 Bxc4 23.Qxc4 Rad8
24.Rf1 Ne7 25.Rac1 Ng6 26.Nf5 Qc6 27.Nd6 Qd5 28.a4 Qxc4 29.Nxc4 Nd5 30.Ba3 f6
31.Rfd1 Kf7 32.b5 axb5 33.axb5 Nc7 34.Rxd7+ Rxd7 35.c6 bxc6 36.b6 Nb5 37.Bc5 Nf8
38.Na5 Rd5 39.Bxf8 Kxf8 40.b7  1-0

[Event "Politiken Cup 2012"]
[Site "Helsingor DEN"]
[Date "2012.08.01"]
[Round "6.3"]
[White "Hansen,SuB"]
[Black "Dreev,A"]
[Result "1/2-1/2"]
[WhiteElo "2577"]
[BlackElo "2677"]

1.c4 c6 2.Nf3 d5 3.e3 Nf6 4.Nc3 a6 5.Qc2 e6 6.d4 c5 7.cxd5 exd5 8.Be2 Nc6
9.O-O Be6 10.Rd1 Nb4 11.Qd2 Ne4 12.Nxe4 dxe4 13.Ne5 f6 14.Nc4 b5 15.dxc5 Bxc5
16.a3 Nd3 17.Na5 Bb6 18.Nc6 Qd7 19.Nd4 Bxd4 20.exd4 Bf5 21.Qe3 O-O 22.f3  1/2-1/2

[Event "Politiken Cup 2012"]
[Site "Helsingor DEN"]
[Date "2012.08.02"]
[Round "7.1"]
[White "Dreev,A"]
[Black "Cheparinov,I"]
[Result "1/2-1/2"]
[WhiteElo "2677"]
[BlackElo "2677"]

1.d4 Nf6 2.c4 g6 3.Nc3 d5 4.Bg5 Ne4 5.Bh4 Nxc3 6.bxc3 dxc4 7.e3 Be6 8.Nf3 Nd7
9.d5 Bg4 10.Qd4 Bxf3 11.gxf3 Rg8 12.Qxc4 Bg7 13.Rd1 Nb6 14.Qb3 Qd6 15.Bb5+ Kf8
16.Bg3 Qc5 17.O-O Rc8 18.e4 g5 19.Rc1 f5 20.exf5 Bf6 21.Rfd1 Rd8 22.c4 c6
23.a4 Kg7 24.a5 Nd7 25.Ba4 Qxa5 26.dxc6 Nc5 27.Qb5 Rxd1+ 28.Bxd1 Qe1+ 29.Kg2 Nd3
30.cxb7 Nxc1 31.Qd5 Qb4 32.c5 Nd3 33.Qxg8+ Kxg8 34.b8=Q+ Qxb8 35.Bxb8 Nxc5
36.Bxa7 Nd3 37.Be3 Kg7 38.Kf1 h6 39.Bc2  1/2-1/2

[Event "Politiken Cup 2012"]
[Site "Helsingor DEN"]
[Date "2012.08.03"]
[Round "8.3"]
[White "Schandorff,L"]
[Black "Dreev,A"]
[Result "1/2-1/2"]
[WhiteElo "2516"]
[BlackElo "2677"]

1.d4 d5 2.c4 c6 3.Nf3 Nf6 4.Nc3 e6 5.e3 Nbd7 6.Qc2 b6 7.Bd3 Bb7 8.b3 Be7
9.Bb2 Qc7 10.O-O Rd8 11.Rac1 Qb8 12.Qe2 O-O 13.Rfd1 c5 14.cxd5 Nxd5 15.Ba6 Ba8
16.Nxd5 Bxd5 17.Bb5 Qb7 18.Bxd7 Rxd7 19.dxc5 Bxc5 20.e4 Bc6 21.Ne5 Rxd1+
22.Rxd1 f6 23.Nxc6 Qxc6 24.Qc2  1/2-1/2